000 01154nam a2200277 a 4500
001 ebr10492616
003 CaPaEBR
006 m u
007 cr cn|||||||||
008 110922s2011 ts ad sb 001 0 eng d
020 _z9781608052172 (eISBN)
040 _aCaPaEBR
_cCaPaEBR
035 _a(OCoLC)759158474
050 1 4 _aTD885.5.G73
_bA37 2011eb
245 0 0 _aAir pollution
_h[electronic resource] :
_beconomic modelling and control policies /
_ceditor, Maria Llop.
260 _a[Saif Zone, Sharjah, United Arab Emirates] :
_bBentham Science Publishers Ltd.,
_c[2011]
300 _aiv, 176 p. :
_bill. (some col.)
504 _aIncludes bibliographical references and index.
533 _aElectronic reproduction.
_bPalo Alto, Calif. :
_cebrary,
_d2011.
_nAvailable via World Wide Web.
_nAccess may be limited to ebrary affiliated libraries.
650 0 _aAir
_xPollution.
650 0 _aGreenhouse gases.
655 7 _aElectronic books.
_2local
700 1 _aLlop, Mara.
710 2 _aebrary, Inc.
856 4 0 _uhttp://site.ebrary.com/lib/rucke/Doc?id=10492616
_zAn electronic book accessible through the World Wide Web; click to view
999 _c125915
_d125915